On Ecological Dumping

Guardado en:
Detalles Bibliográficos
Autor principal: Rauscher, Michael
Formato: Libro
Lenguaje:inglés
Publicado: Kiel Institut für Weltwirtschaft 1992
Colección:Kiel Working Paper No.523
Materias:
Etiquetas: Agregar Etiqueta
Sin Etiquetas, Sea el primero en etiquetar este registro!

MARC

LEADER 00000nam a2200000 4500
001 c010701
005 20250521093019.4
041 0 |a eng 
044 |a DE 
245 1 0 |a On Ecological Dumping  |c Michael Rauscher 
264 1 |a Kiel  |b Institut für Weltwirtschaft  |c 1992 
300 |a 21 s. 
490 1 |a Kiel Working Paper  |v No.523 
830 0 |a Kiel Working Paper  |v No.523 
610 2 0 |a dumping 
610 2 0 |a ekológia 
610 2 0 |a prostredie životné 
610 2 0 |a ochrana prostredia životného 
610 2 0 |a politika environmentálna 
610 2 0 |a vývoz 
100 1 |a Rauscher, Michael